000 00522nam a22001337a 4500
040 _cRUA
082 _aAGR LY 2015 B520 Or.1
100 _aLY CHANTHOUN; លី ចន្ធូន
245 _aEffect of plant density on yield of cherry tomato (Lycopersicon esculentum); ឥទ្ធិពលនៃដង់ស៊ីតេដំណាំ លើទិន្នផលប៉េងបោះផ្លែតូច
260 _aPhnom Penh
_bLY
_c2015
300 _ax;29p.
_bill.
_c29cm.
856 _uLY CHANTHOUN
942 _cAGR
999 _c10741
_d10741